Heavy construction (Record no. 280)

000 -LEADER
fixed length control field 00554nam a2200217 4500
001 - CONTROL NUMBER
control field 280
003 - CONTROL NUMBER IDENTIFIER
control field BD-DhUET
008 - FIXED-LENGTH DATA ELEMENTS--GENERAL INFORMATION
fixed length control field 140719b xxu||||| |||| 00| 0 eng d
020 ## - INTERNATIONAL STANDARD BOOK NUMBER
International Standard Book Number 041554906
040 ## - CATALOGING SOURCE
Transcribing agency 0
Modifying agency BD-DhUET
082 ## - DEWEY DECIMAL CLASSIFICATION NUMBER
Classification number 624.02802
Item number SIN/2009
100 ## - MAIN ENTRY--PERSONAL NAME
Personal name Singh, Jagman
245 ## - TITLE STATEMENT
Title Heavy construction
Remainder of title planning, equipment and methods
250 ## - EDITION STATEMENT
Edition statement 3rd ed.
260 ## - PUBLICATION, DISTRIBUTION, ETC. (IMPRINT)
Place of publication, distribution, etc. Boca Raton
Name of publisher, distributor, etc. CRC Press
Date of publication, distribution, etc. 2009
300 ## - PHYSICAL DESCRIPTION
Extent xxxvi, 860p.
500 ## - GENERAL NOTE
General note Volume- II
504 ## - BIBLIOGRAPHY, ETC. NOTE
Bibliography, etc Includes bibliographies
650 #0 - SUBJECT ADDED ENTRY--TOPICAL TERM
Topical term or geographic name as entry element Construction equipment
942 ## - ADDED ENTRY ELEMENTS (KOHA)
Koha item type General Book
Holdings
Date acquired Shelving location Koha issues (times borrowed) Piece designation (barcode) Price effective from Not for loan Koha item type Koha date last seen Lost status Sublocation or collection (holding branch) Source of classification or shelving scheme Location (home branch) Withdrawn status Koha normalized classification for sorting Copy number Koha date last borrowed Koha full call number Damaged status
2014-07-19Circulation section21110022014-07-19 General Book2016-10-08 Central Library, BUET Central Library, BUET 624_028020000000000_SIN_200912015-02-10624.02802/SIN/2009 
2014-07-19Acquisition section 1110002014-07-19 General Book2014-07-19 Central Library, BUET Central Library, BUET 624_028020000000000_SIN_20092 624.02802/SIN/2009 
2015-06-28Reading section 1110032015-06-28 Reading Item2015-06-28 Central Library, BUET Central Library, BUET 624_028020000000000_SIN_20093 624.02802/SIN/2009